| 000 | 00523nam a22000977a 4500 | ||
|---|---|---|---|
| 008 | 160321b xxu||||| |||| 00| 0 eng d | ||
| 100 | _aSveriges Filatelist-Forbund. | ||
| 245 | _aHandbok : Sveriges frankotecken | ||
| 260 |
_aStockholm, Sweden _bSveriges Filatelist-Forbund _c1961 - 1964 |
||
| 650 | _aSweden | 19th Century | 20th Century | Definitive Issues | Production | Errors and Varieties | Essays and Proofs | Plates and Plating | Stamps -- Histories | Designs | Postal History | Postal Markings | Pre-adhesive Covers | Covers | ||
| 999 |
_c1866 _d1866 |
||